Clinical evaluation of the maximum bite force in single implant supported Prosthesis versus Natural Dentition (Record no. 23728)
[ view plain ]
| 000 -LEADER | |
|---|---|
| fixed length control field | 00470nam a22001457a 4500 |
| 003 - CONTROL NUMBER IDENTIFIER | |
| control field | SGT |
| 082 ## - DEWEY DECIMAL CLASSIFICATION NUMBER | |
| Classification number | 617.645 |
| Item number | C23J |
| 100 ## - MAIN ENTRY--PERSONAL NAME | |
| Personal name | Jyotsana |
| 245 ## - TITLE STATEMENT | |
| Title | Clinical evaluation of the maximum bite force in single implant supported Prosthesis versus Natural Dentition |
| Remainder of title | A split mouth study |
| 260 ## - PUBLICATION, DISTRIBUTION, ETC. (IMPRINT) | |
| Place of publication, distribution, etc | Gurugram, Haryana |
| Name of publisher, distributor, etc | SGT University |
| Year of Publication | 2023 |
| 300 ## - PAGE DESCRIPTION | |
| No. of Pages | 61 |
| 650 ## - SUBJECT ADDED ENTRY--TOPICAL TERM | |
| Topical term or geographic name as entry element | Prosthodontics |
| 653 ## - KEYWORDS--INDEX TERM | |
| Keyword term | Prosthodontics, Crown Bridge and Oral Implantology |
| 942 ## - ADDED ENTRY ELEMENTS (KOHA) | |
| Source of classification or shelving scheme | Dewey Decimal Classification |
| Koha item type | Thesis/Dissertation |
No items available.